[Event "Challenge"]
[Site "http://www.queenalice.com/game.php?id=1035009"]
[Date "2012.3.2"]
[Round "-"]
[White "fraise59240"]
[Black "gingalmesh"]
[Result "0-1"]
[WhiteElo "1100"]
[BlackElo "1887"]

1. e4 c5 2. d3 Nc6 3. Nd2 e6 4. b3 Be7 5. Bb2 Bf6 6. c3 Nge7 7. Ngf3 d6 8. d4
cxd4 9. cxd4 Ng6 10. Nc4 O-O 11. Bd3 a6 12. e5 dxe5 13. O-O exd4 14. Rb1 e5 15.
Qe2 Bg4 16. Qe4 Bxf3 17. Qxf3 Rc8 18. a4 Nb4 19. Be4 b5 20. Ra1 bxc4 21. Bb7 Rc7
22. Ba3 a5 23. Rac1 Re8 24. Ba6 Na2 25. Ra1 e4 26. Qd1 c3 27. Rxa2 Nf4 28. Qg4
Nd3 29. f3 c2 30. fxe4 Ne5 31. Qh3 d3 32. Raa1 d2 33. Be2 Ng6 34. Ra2 c1=Q 35.
Bxc1 Rxc1 36. b4 Rxf1+ 37. Kxf1 Nf4 38. Qe3 d1=Q+ 39. Kf2 Bh4+ 40. g3 Nh3+ 41.
Kf3 Qh1+ 42. Kg4 Rxe4+ 0-1

[Event "Challenge"]
[Site "http://www.queenalice.com/game.php?id=1035035"]
[Date "2012.3.2"]
[Round "-"]
[White "fraise59240"]
[Black "gingalmesh"]
[Result "0-1"]
[WhiteElo "1100"]
[BlackElo "1883"]

1. e4 e5 2. Nf3 d6 3. Bb5+ Bd7 4. Nc3 c6 5. Be2 Nf6 6. d4 Be7 7. O-O O-O 8. dxe5
dxe5 9. Bg5 Qc7 10. a4 Rd8 11. Bd2 Be6 12. Qc1 Bb4 13. a5 Bxa5 14. Bg5 Nbd7 15.
Rd1 Bxc3 16. bxc3 b5 17. c4 bxc4 18. Bd2 a5 19. c3 Nxe4 20. Be3 Nb6 21. Ng5
Rxd1+ 22. Bxd1 Nd5 23. Nxe4 f5 24. Nc5 Bf7 25. Ra4 f4 26. Bd2 Nb6 27. Ra2 Ra7
28. Bg4 Qd6 29. Ne4 Qe7 30. Rb2 Rb7 31. Qa1 a4 32. g3 a3 33. Ra2 Ra7 34. Bc1 Nd5
35. Nd2 fxg3 36. hxg3 e4 37. Nxc4 Nf6 38. Ne3 Nxg4 39. Rxa3 Rxa3 40. Bxa3 Qd7
41. Bb2 Nxe3 42. fxe3 Bh5 43. c4 c5 44. Ba3 Bf3 45. Qe5 Qd1+ 46. Kf2 Qe2+ 47.
Kg1 Qg2# 0-1

[Event "Challenge"]
[Site "http://www.queenalice.com/game.php?id=1037743"]
[Date "2012.3.10"]
[Round "-"]
[White "vandany"]
[Black "fraise59240"]
[Result "1-0"]
[WhiteElo "1504"]
[BlackElo "1179"]

1. e4 e5 2. Nf3 Nc6 3. Bb5 a6 4. Ba4 b5 5. Bb3 Be7 6. O-O Nf6 7. Re1 Kf8 8. d3
Nd4 9. Bg5 h5 10. Nxd4 exd4 11. Qf3 Bb7 12. c3 c5 13. Qf5 d6 14. e5 Nh7 15.
Qxf7# 1-0

[Event "Challenge"]
[Site "http://www.queenalice.com/game.php?id=1038803"]
[Date "2012.3.14"]
[Round "-"]
[White "fraise59240"]
[Black "Meauxchess"]
[Result "0-1"]
[WhiteElo "1150"]
[BlackElo "2379"]

1. e4 e6 2. d4 d5 3. exd5 exd5 4. Nf3 Nf6 5. Be3 Nc6 6. Bb5 Bd6 7. O-O O-O 8. c3
Bg4 9. Re1 Bf5 10. Nbd2 Ng4 11. Rc1 Nxe3 12. Qe2 Ng4 13. c4 Nb4 14. Rc3 Nxa2 15.
Rb3 Bc2 16. Ba4 Bxb3 17. Bxb3 Nb4 18. cxd5 Re8 19. Qd1 Rxe1+ 20. Nxe1 Nf6 21.
Nc2 Nbxd5 22. Ne3 Nxe3 23. fxe3 Qe7 24. e4 Nxe4 0-1

[Event "Challenge"]
[Site "http://www.queenalice.com/game.php?id=1039740"]
[Date "2012.3.16"]
[Round "-"]
[White "fraise59240"]
[Black "kuntakinte"]
[Result "0-1"]
[WhiteElo "1100"]
[BlackElo "1698"]

1. e4 e5 2. Nc3 c6 3. d4 exd4 4. Qxd4 f6 5. Be3 c5 6. Qd5 Ne7 7. Qd2 d6 8. O-O-O
Nd7 9. g3 Nb6 10. Nge2 Bg4 11. h3 Bh5 12. Re1 Nc4 13. Nf4 Bf7 14. Qe2 Nc6 15.
Bg2 Qb6 16. Rd1 Qxb2# 0-1

[Event "Challenge"]
[Site "http://www.queenalice.com/game.php?id=1040387"]
[Date "2012.3.18"]
[Round "-"]
[White "jolrath"]
[Black "fraise59240"]
[Result "0-1"]
[WhiteElo "1100"]
[BlackElo "1141"]

1. d4 Nf6 2. c4 c5 3. dxc5 e6 4. b4 b6 5. cxb6 axb6 6. a3 d5 7. e3 Bd6 8. f4 e5
9. c5 bxc5 10. bxc5 Qa5+ 11. Qd2 Qxc5 12. g3 exf4 13. gxf4 O-O 14. Bg2 Ra7 15.
Nc3 Bb7 16. Nf3 Re8 17. Qd4 Qxd4 18. Nxd4 Ng4 19. Bxd5 Bxd5 20. Nxd5 Ra5 21. Nb4
Bxb4+ 22. Ke2 Bd6 23. h3 Nf6 24. Rd1 Ne4 25. a4 Nc3+ 26. Kd2 Nxd1 27. Kxd1 Rh5
28. Rb1 Nd7 29. e4 h6 30. Nc6 Rxe4 31. a5 Ra4 32. Bd2 Bxf4 33. Ne7+ Kh7 34. Rb6
Bxd2 35. a6 Be3 36. Rc6 Rxh3 37. a7 Rxa7 38. Nf5 Rh2 39. Rd6 Ra1# 0-1

[Event "Challenge"]
[Site "http://www.queenalice.com/game.php?id=1041098"]
[Date "2012.3.21"]
[Round "-"]
[White "kuntakinte"]
[Black "fraise59240"]
[Result "1-0"]
[WhiteElo "1681"]
[BlackElo "1100"]

1. e4 e5 2. Nf3 Nc6 3. d4 exd4 4. Nxd4 Nf6 5. Nc3 Bb4 6. Bd2 O-O 7. Nf3 Re8 8.
Bd3 d5 9. O-O dxe4 10. Nxe4 Be7 11. Re1 Bf5 12. Nc3 Bxd3 13. cxd3 Nb4 14. d4 b6
15. Nb5 Nd3 16. Re3 Nxb2 17. Qb3 a6 18. Nc3 Qd6 19. Qxb2 Nh5 20. Ne4 Qe6 21. Ng3
Qc4 22. Nxh5 g6 23. Nf4 Bf6 24. Rc1 Qa4 25. Rce1 Red8 26. Re4 Rd7 27. Qc1 Qxa2
28. Nd3 Qd5 29. Re8+ Rxe8 30. Rxe8+ Kg7 31. Bh6# 1-0

[Event "Challenge"]
[Site "http://www.queenalice.com/game.php?id=1041130"]
[Date "2012.3.21"]
[Round "-"]
[White "fraise59240"]
[Black "Noodles"]
[Result "1-0"]
[WhiteElo "1100"]
[BlackElo "1100"]

1. e4 g6 2. d4 Bg7 3. Nc3 e6 4. Be2 Nc6 5. Nf3 b6 6. O-O Bxd4 7. Nxd4 e5 8. Nxc6
dxc6 9. Bd3 Nf6 10. Bh6 Bg4 11. Qd2 Qd7 12. Bg5 Nh5 13. f3 Be6 14. Ne2 Rd8 15.
Bxd8 Qxd8 16. Rad1 Bxa2 17. Ba6 Qxd2 18. Rxd2 c5 19. Rfd1 Ke7 20. Nc3 Nf4 21.
Nxa2 h5 22. Rd7+ Ke6 23. Bc4+ Kf6 24. Rxc7 g5 25. Rd6+ Kg7 26. Rxa7 Rf8 27. Rxb6
g4 28. fxg4 hxg4 29. Rb5 Rd8 30. Nc3 Rd2 31. Rxc5 Rxc2 32. Rxe5 Rxc3 33. Rg5+
1-0

[Event "Challenge"]
[Site "http://www.queenalice.com/game.php?id=1041735"]
[Date "2012.3.22"]
[Round "-"]
[White "nonalors"]
[Black "fraise59240"]
[Result "1-0"]
[WhiteElo "1469"]
[BlackElo "1200"]

1. e4 c6 2. d4 d5 3. e5 c5 4. Nf3 e6 5. Bb5+ Bd7 6. Nc3 Be7 7. O-O a6 8. Bxd7+
Qxd7 9. b3 a5 10. a4 Nh6 11. h3 O-O 12. Qd3 f6 13. Re1 Nc6 14. Ba3 b6 15. Qb5
fxe5 16. dxe5 Rad8 17. Bc1 Nb4 18. Ng5 Nf5 19. Qxb6 Nxc2 20. Bf4 Nxe1 21. Rxe1
d4 22. Nb5 h6 23. Nxe6 Qd5 24. Nxf8 Rxf8 25. Qg6 Qxb3 26. Bg3 d3 27. Qg4 c4 28.
e6 Bb4 29. Nd6 Bxe1 30. Nxf5 Qb6 31. Nxh6+ Kh8 32. Nf7+ Rxf7 33. exf7 Bxf2+ 34.
Bxf2 Qb8 35. Qh5# 1-0

[Event "Challenge"]
[Site "http://www.queenalice.com/game.php?id=1041737"]
[Date "2012.3.22"]
[Round "-"]
[White "fraise59240"]
[Black "nonalors"]
[Result "0-1"]
[WhiteElo "1188"]
[BlackElo "1474"]

1. e4 e5 2. Nf3 Nc6 3. Bb5 a6 4. Ba4 b5 5. Bb3 h6 6. d4 Bd6 7. d5 Na5 8. O-O Nf6
9. Bd2 Nxb3 10. axb3 Bc5 11. Nxe5 Nxe4 12. Qf3 Nf6 13. Nd3 O-O 14. Nxc5 d6 15.
Ne4 Nxe4 16. Qxe4 Re8 17. Qd4 Bf5 18. Bc3 f6 19. Nd2 Qe7 20. Nf3 Qe2 21. Rfe1
Qxc2 22. Rac1 Qxb3 23. Nd2 Rxe1+ 24. Rxe1 Qc2 25. h3 Bg6 26. Re3 Qd1+ 27. Kh2
Qc2 28. Re7 Re8 29. Rxc7 Qf5 30. Rc6 a5 31. Bxa5 Re1 32. Rxd6 Qc8 33. g4 Qb8 34.
Qf4 Qa8 35. f3 Qxa5 36. g5 hxg5 37. Qg3 Qxd2+ 38. Qg2 Re2 39. Rd7 Rxg2+ 40. Kh1
Rh2+ 41. Kg1 Qg2# 0-1

[Event "Challenge"]
[Site "http://www.queenalice.com/game.php?id=1041738"]
[Date "2012.3.22"]
[Round "-"]
[White "vangogh"]
[Black "fraise59240"]
[Result "0-1"]
[WhiteElo "1341"]
[BlackElo "1165"]

1. e4 c6 2. Qf3 e5 3. Bc4 f6 4. d3 Bd6 5. Nc3 Na6 6. Bxg8 Rxg8 7. Qh5+ g6 8.
Qxh7 Rf8 9. Qxg6+ Rf7 10. Qg8+ Rf8 11. Qg6+ Rf7 12. Bh6 Bc5 13. g4 d5 14. Nf3 d4
15. Na4 Bb4+ 16. Kf1 c5 17. a3 Ba5 18. c4 Bd7 19. Qg8+ Ke7 20. Qg6 Bxa4 21. Rb1
Bb3 22. Nh4 Bc2 23. Nf5+ Ke6 24. Rc1 Bxd3+ 25. Kg1 Bxe4 26. Ng3 Bxg6 27. Kg2 Rh7
28. g5 Bc3 29. bxc3 dxc3 30. Rxc3 Nb8 31. Rb1 b6 32. Rf3 Qd2 33. Rxf6+ Ke7 34.
Rxg6 Qd3 35. Rg8 Qxb1 36. g6 Qd3 37. Rg7+ Rxg7 38. Bxg7 Qxg6 39. Bxe5 Qc6+ 40.
Kf1 Nd7 41. Bf4 Qa4 42. Nf5+ Ke6 43. Ng7+ Kf7 44. Bh6 Qxc4+ 45. Ke1 Kg6 46. Ne8
Kxh6 47. Nc7 Rg8 48. f3 Rg2 49. h3 Qe2# 0-1

[Event "Challenge"]
[Site "http://www.queenalice.com/game.php?id=1050142"]
[Date "2012.4.18"]
[Round "-"]
[White "lemoufflet"]
[Black "fraise59240"]
[Result "1-0"]
[WhiteElo "1237"]
[BlackElo "1227"]

1. e4 c6 2. Nc3 e5 3. d4 exd4 4. Qxd4 Nf6 5. Nf3 Be7 6. Bc4 c5 7. Qe3 b6 8. Ne5
d6 9. Nxf7 Qd7 10. Nxh8 b5 11. Nxb5 Ba6 12. Qg5 Nxe4 13. Qxg7 Kd8 14. Qg8+ Qe8
15. Qxe8+ Kxe8 16. Nc7+ Kd8 17. Ne6+ Kd7 18. Bd5 Bb7 19. Bxb7 1-0

[Event "Challenge"]
[Site "http://www.queenalice.com/game.php?id=1051984"]
[Date "2012.4.23"]
[Round "-"]
[White "renet54"]
[Black "fraise59240"]
[Result "1-0"]
[WhiteElo "1615"]
[BlackElo "1174"]

1. e4 c6 2. d4 d5 3. Nc3 dxe4 4. Be3 e6 5. Nxe4 Be7 6. Bd3 Nf6 7. Nc3 b6 8. Nf3
Bb7 9. O-O O-O 10. a3 c5 11. dxc5 bxc5 12. Re1 Qc7 13. Qd2 Nc6 14. Rad1 e5 15.
Nb5 Qc8 16. c4 a6 17. Nc3 a5 18. Bb1 Nd4 19. Nxd4 cxd4 20. Bxd4 Rd8 21. Qc2 Qc6
22. Nd5 Qe6 23. Nxf6+ Bxf6 24. Qxh7+ Kf8 25. Qh8+ Ke7 26. Bc5+ Qd6 27. Bxd6+
Rxd6 28. Qh3 g6 29. Rxd6 Kxd6 30. Qd3+ Ke6 31. Rd1 Rd8 32. Qb3 Bc6 33. c5+ Ke7
34. Rxd8 Kxd8 35. Qb6+ Kd7 36. Qxa5 Bd8 37. Qd2+ Ke8 38. Qd6 1-0

[Event "Challenge"]
[Site "http://www.queenalice.com/game.php?id=1053172"]
[Date "2012.4.27"]
[Round "-"]
[White "simbu"]
[Black "fraise59240"]
[Result "1-0"]
[WhiteElo "1250"]
[BlackElo "1174"]

1. e4 c6 2. b4 e5 3. a3 b5 4. Bb2 f6 5. d4 exd4 6. Bxd4 d6 7. Nc3 d5 8. exd5
cxd5 9. Bxb5+ Bd7 10. Qe2+ Be7 11. Nxd5 a6 12. Bxd7+ Nxd7 13. Nxe7 Nxe7 14.
O-O-O O-O 15. Qe6+ Kh8 16. Bb6 Qe8 17. Rxd7 Nc8 18. Qxe8 Rxe8 19. Bc5 h6 20. Nf3
a5 21. Kb2 a4 22. Re1 Rxe1 23. Rd8+ Kh7 24. Nxe1 Rb8 25. Bd6 Rb5 26. Rxc8 Rf5
27. f4 g5 28. Rc7+ Kg6 29. fxg5 hxg5 30. g4 Rf1 31. Nd3 f5 32. Ne5+ Kf6 33. gxf5
Rxf5 34. Rf7+ Ke6 35. Rxf5 Kxf5 36. Nd3 Ke6 37. Bg3 Kd5 38. h4 gxh4 39. Bxh4 Kc6
40. c4 Kb6 41. Nc5 Kc6 42. Nxa4 Kd7 43. b5 Kc7 44. b6+ Kc6 45. Kb3 Kd6 46. Kb4
Kd7 47. Kb5 Kc8 48. Bg3 Kb7 49. Nc5+ Kc8 50. b7+ Kd8 51. b8=Q+ Ke7 52. Qd6+ Kf7
53. Qe6+ Kg7 54. Be5+ Kf8 55. Nd7# 1-0

[Event "Challenge"]
[Site "http://www.queenalice.com/game.php?id=1053325"]
[Date "2012.4.27"]
[Round "-"]
[White "Atalxxi"]
[Black "fraise59240"]
[Result "1-0"]
[WhiteElo "1290"]
[BlackElo "1205"]

1. e4 e5 2. Nc3 Nc6 3. d3 Bc5 4. Nf3 Nge7 5. Be3 Bxe3 6. fxe3 d6 7. d4 f6 8. Nd5
Nxd4 9. exd4 Nc6 10. c3 Ne7 11. Nxe7 Qxe7 12. d5 f5 13. Bd3 Bd7 14. exf5 e4 15.
Bxe4 Bxf5 16. Nd2 Bxe4 17. Nxe4 O-O-O 18. Qg4+ Kb8 19. O-O h5 20. Qg6 Rh6 21.
Qf7 Re8 22. Nxd6 Rxd6 23. Qxe7 Rdd8 24. Qxg7 a6 25. Rf7 Rg8 26. Qd4 Rg6 27. Qc5
Rdg8 28. Qxc7+ Ka8 29. Qxb7# 1-0

[Event "Challenge"]
[Site "http://www.queenalice.com/game.php?id=1053326"]
[Date "2012.4.27"]
[Round "-"]
[White "fraise59240"]
[Black "Atalxxi"]
[Result "0-1"]
[WhiteElo "1188"]
[BlackElo "1308"]

1. e4 e5 2. Nc3 Nc6 3. Nf3 Nf6 4. Be2 d6 5. O-O Be7 6. d4 d5 7. Be3 Bg4 8. exd5
Bxf3 9. Bxf3 Nb4 10. a3 Nbxd5 11. Qd3 Nxe3 12. Rfe1 e4 13. Bxe4 Neg4 14. Bxb7
Rb8 15. Bc6+ Nd7 16. Re4 Nf6 17. Re3 O-O 18. b4 g6 19. d5 Ng4 20. Re2 Nge5 21.
Qe4 f5 22. Qh4 Bxh4 23. b5 Qg5 24. g3 f4 25. Ne4 Nf3+ 26. Kg2 Qg4 27. h3 Qf5 28.
Kxf3 fxg3+ 29. Kg2 Rbe8 30. Nxg3 Qf6 31. Rd1 Rxe2 32. Rf1 Rxf2+ 33. Rxf2 Qxf2+
34. Kh1 Bxg3 35. Bxd7 Qh2# 0-1